<?xml version="1.0" encoding="UTF-8"?>
<collection xmlns="http://www.loc.gov/MARC21/slim">
 <record>
  <leader>04885cam a2200709   4500</leader>
  <controlfield tag="001">1619457660</controlfield>
  <controlfield tag="003">DE-627</controlfield>
  <controlfield tag="005">20220722134845.0</controlfield>
  <controlfield tag="007">tu</controlfield>
  <controlfield tag="008">160420s2016    fr |||||      00| ||fre c</controlfield>
  <datafield tag="020" ind1=" " ind2=" ">
   <subfield code="a">9782867422447</subfield>
   <subfield code="c">br</subfield>
   <subfield code="9">978-2-86742-244-7</subfield>
  </datafield>
  <datafield tag="020" ind1=" " ind2=" ">
   <subfield code="a">2867422442</subfield>
   <subfield code="c">br</subfield>
   <subfield code="9">2-86742-244-2</subfield>
  </datafield>
  <datafield tag="035" ind1=" " ind2=" ">
   <subfield code="a">(DE-627)1619457660</subfield>
  </datafield>
  <datafield tag="035" ind1=" " ind2=" ">
   <subfield code="a">(DE-576)468692622</subfield>
  </datafield>
  <datafield tag="035" ind1=" " ind2=" ">
   <subfield code="a">(DE-599)BSZ468692622</subfield>
  </datafield>
  <datafield tag="035" ind1=" " ind2=" ">
   <subfield code="a">(OCoLC)946654712</subfield>
  </datafield>
  <datafield tag="035" ind1=" " ind2=" ">
   <subfield code="a">(ZDB-21-EIL)3103615</subfield>
  </datafield>
  <datafield tag="040" ind1=" " ind2=" ">
   <subfield code="a">DE-627</subfield>
   <subfield code="b">ger</subfield>
   <subfield code="c">DE-627</subfield>
   <subfield code="e">rda</subfield>
  </datafield>
  <datafield tag="041" ind1=" " ind2=" ">
   <subfield code="a">fre</subfield>
   <subfield code="a">ita</subfield>
   <subfield code="a">eng</subfield>
  </datafield>
  <datafield tag="044" ind1=" " ind2=" ">
   <subfield code="c">XA-FR</subfield>
  </datafield>
  <datafield tag="050" ind1=" " ind2="0">
   <subfield code="a">NA1053.C59</subfield>
  </datafield>
  <datafield tag="082" ind1="0" ind2=" ">
   <subfield code="a">720.92</subfield>
  </datafield>
  <datafield tag="082" ind1="0" ind2=" ">
   <subfield code="a">728</subfield>
   <subfield code="2">14</subfield>
  </datafield>
  <datafield tag="084" ind1=" " ind2=" ">
   <subfield code="a">9,10</subfield>
   <subfield code="2">ssgn</subfield>
  </datafield>
  <datafield tag="111" ind1="2" ind2=" ">
   <subfield code="a">François Cointeraux (1730-1840), pionnier de l'architecture moderne en terre</subfield>
   <subfield code="g">Veranstaltung</subfield>
   <subfield code="d">2012</subfield>
   <subfield code="c">Lyon</subfield>
   <subfield code="j">VerfasserIn</subfield>
   <subfield code="0">(DE-588)1097425134</subfield>
   <subfield code="0">(DE-627)857229400</subfield>
   <subfield code="0">(DE-576)468701516</subfield>
   <subfield code="4">aut</subfield>
  </datafield>
  <datafield tag="245" ind1="1" ind2="4">
   <subfield code="a">Les leçons de la terre - François Cointeraux (1740-1830), professeur d'architecture rurale</subfield>
   <subfield code="c">textes réunis par Laurent Baridon, Jean-Philippe Garric et Gilbert Richaud</subfield>
  </datafield>
  <datafield tag="264" ind1=" " ind2="1">
   <subfield code="a">Paris</subfield>
   <subfield code="b">INHA/Les éditions des cendres</subfield>
   <subfield code="c">2016</subfield>
  </datafield>
  <datafield tag="300" ind1=" " ind2=" ">
   <subfield code="a">348 Seiten</subfield>
   <subfield code="b">Illustrationen</subfield>
   <subfield code="c">24 cm</subfield>
  </datafield>
  <datafield tag="336" ind1=" " ind2=" ">
   <subfield code="a">Text</subfield>
   <subfield code="b">txt</subfield>
   <subfield code="2">rdacontent</subfield>
  </datafield>
  <datafield tag="337" ind1=" " ind2=" ">
   <subfield code="a">ohne Hilfsmittel zu benutzen</subfield>
   <subfield code="b">n</subfield>
   <subfield code="2">rdamedia</subfield>
  </datafield>
  <datafield tag="338" ind1=" " ind2=" ">
   <subfield code="a">Band</subfield>
   <subfield code="b">nc</subfield>
   <subfield code="2">rdacarrier</subfield>
  </datafield>
  <datafield tag="500" ind1=" " ind2=" ">
   <subfield code="a">&quot;Cet ouvrage fait suite au colloque 'François Cointeraux, pionnier de l'architecture moderne en terre', organisé à Lyon en mai 2012&quot;</subfield>
  </datafield>
  <datafield tag="520" ind1=" " ind2=" ">
   <subfield code="a">&quot;Inventeur obstiné, activiste solitaire, publiciste inspiré, François Cointeraux tient une place singulière dans l'architecture de son temps. C'est à l'approche de la cinquantaine, après une première carrière de maçon lyonnais, qu'il s'installe à Paris, se dédie à la théorie et s'auto-proclame &quot;professeur d'architecture rurale&quot;, titre que personne ne lui dispute, mais qu'il échoue pourtant à faire reconnaître. Son oeuvre imprimé abondant et varié s'inscrit à la croisée de l'histoire du livre ; de l'histoire de la construction et des techniques, qui voit en lui l'un des précurseurs du béton et le premier prosélyte de l'emploi de la terre crue ; de l'histoire de l'architecture, parce qu'il incarne une extension de la discipline à de nouveaux terrains et de nouveaux acteurs ; et, de façon plus générale, d'une histoire culturelle et sociale des arts, aux yeux de laquelle il représente une figure d'artisan inventeur héritier des Lumières, dont les ambitions sociales et l'engagement intellectuel sont étroitement solidaires. Ce livre comble une lacune en abordant pour la première fois toutes les facettes de ce personnage hors du commun.&quot;--Page 4 of cover</subfield>
  </datafield>
  <datafield tag="546" ind1=" " ind2=" ">
   <subfield code="a">Textbeiträge in Französisch, Italienisch und Englisch; Kurzresümees der Autoren in Französisch</subfield>
  </datafield>
  <datafield tag="650" ind1=" " ind2="0">
   <subfield code="a">Pisé</subfield>
   <subfield code="x">Histoire</subfield>
   <subfield code="x">Actes de congrès</subfield>
  </datafield>
  <datafield tag="655" ind1=" " ind2="7">
   <subfield code="a">Konferenzschrift</subfield>
   <subfield code="y">2012</subfield>
   <subfield code="z">Lyon</subfield>
   <subfield code="0">(DE-588)1071861417</subfield>
   <subfield code="0">(DE-627)826484824</subfield>
   <subfield code="0">(DE-576)433375485</subfield>
   <subfield code="2">gnd-content</subfield>
  </datafield>
  <datafield tag="689" ind1="0" ind2="0">
   <subfield code="d">p</subfield>
   <subfield code="0">(DE-588)124806414</subfield>
   <subfield code="0">(DE-627)366134221</subfield>
   <subfield code="0">(DE-576)280455143</subfield>
   <subfield code="a">Cointeraux, François</subfield>
   <subfield code="d">1740-1830</subfield>
   <subfield code="2">gnd</subfield>
  </datafield>
  <datafield tag="689" ind1="0" ind2="1">
   <subfield code="d">s</subfield>
   <subfield code="0">(DE-588)4023693-6</subfield>
   <subfield code="0">(DE-627)106302191</subfield>
   <subfield code="0">(DE-576)208950974</subfield>
   <subfield code="a">Haus</subfield>
   <subfield code="2">gnd</subfield>
  </datafield>
  <datafield tag="689" ind1="0" ind2="2">
   <subfield code="d">s</subfield>
   <subfield code="0">(DE-588)4192360-1</subfield>
   <subfield code="0">(DE-627)105235113</subfield>
   <subfield code="0">(DE-576)210079991</subfield>
   <subfield code="a">Landwirtschaftliches Gebäude</subfield>
   <subfield code="2">gnd</subfield>
  </datafield>
  <datafield tag="689" ind1="0" ind2="3">
   <subfield code="d">s</subfield>
   <subfield code="0">(DE-588)4002851-3</subfield>
   <subfield code="0">(DE-627)104280352</subfield>
   <subfield code="0">(DE-576)208848975</subfield>
   <subfield code="a">Architektur</subfield>
   <subfield code="2">gnd</subfield>
  </datafield>
  <datafield tag="689" ind1="0" ind2=" ">
   <subfield code="5">DE-101</subfield>
  </datafield>
  <datafield tag="689" ind1="1" ind2="0">
   <subfield code="d">p</subfield>
   <subfield code="0">(DE-588)124806414</subfield>
   <subfield code="0">(DE-627)366134221</subfield>
   <subfield code="0">(DE-576)280455143</subfield>
   <subfield code="a">Cointeraux, François</subfield>
   <subfield code="d">1740-1830</subfield>
   <subfield code="2">gnd</subfield>
  </datafield>
  <datafield tag="689" ind1="1" ind2="1">
   <subfield code="d">s</subfield>
   <subfield code="0">(DE-588)4023693-6</subfield>
   <subfield code="0">(DE-627)106302191</subfield>
   <subfield code="0">(DE-576)208950974</subfield>
   <subfield code="a">Haus</subfield>
   <subfield code="2">gnd</subfield>
  </datafield>
  <datafield tag="689" ind1="1" ind2="2">
   <subfield code="d">s</subfield>
   <subfield code="0">(DE-588)4192360-1</subfield>
   <subfield code="0">(DE-627)105235113</subfield>
   <subfield code="0">(DE-576)210079991</subfield>
   <subfield code="a">Landwirtschaftliches Gebäude</subfield>
   <subfield code="2">gnd</subfield>
  </datafield>
  <datafield tag="689" ind1="1" ind2="3">
   <subfield code="d">s</subfield>
   <subfield code="0">(DE-588)4002851-3</subfield>
   <subfield code="0">(DE-627)104280352</subfield>
   <subfield code="0">(DE-576)208848975</subfield>
   <subfield code="a">Architektur</subfield>
   <subfield code="2">gnd</subfield>
  </datafield>
  <datafield tag="689" ind1="1" ind2=" ">
   <subfield code="5">(DE-627)</subfield>
  </datafield>
  <datafield tag="700" ind1="1" ind2=" ">
   <subfield code="a">Baridon, Laurent</subfield>
   <subfield code="d">1962-</subfield>
   <subfield code="e">HerausgeberIn</subfield>
   <subfield code="0">(DE-588)121270521</subfield>
   <subfield code="0">(DE-627)593635264</subfield>
   <subfield code="0">(DE-576)175433356</subfield>
   <subfield code="4">edt</subfield>
  </datafield>
  <datafield tag="700" ind1="1" ind2=" ">
   <subfield code="a">Garric, Jean-Philippe</subfield>
   <subfield code="d">1961-</subfield>
   <subfield code="e">HerausgeberIn</subfield>
   <subfield code="0">(DE-588)136633595</subfield>
   <subfield code="0">(DE-627)584918372</subfield>
   <subfield code="0">(DE-576)184493137</subfield>
   <subfield code="4">edt</subfield>
  </datafield>
  <datafield tag="700" ind1="1" ind2=" ">
   <subfield code="a">Richaud, Gilbert</subfield>
   <subfield code="e">HerausgeberIn</subfield>
   <subfield code="0">(DE-588)142784893</subfield>
   <subfield code="0">(DE-627)640123252</subfield>
   <subfield code="0">(DE-576)333377990</subfield>
   <subfield code="4">edt</subfield>
  </datafield>
  <datafield tag="787" ind1="0" ind2="8">
   <subfield code="i">Rezensiert in</subfield>
   <subfield code="a">Gaillard, Béatrice</subfield>
   <subfield code="t">[Rezension von: Laurent Baridon (Hrsg.), Les leçons de la terre. François Cointeraux (1740-1830), professeur d'architecture rurale]</subfield>
   <subfield code="d">2017</subfield>
   <subfield code="w">(DE-627)181134545X</subfield>
  </datafield>
  <datafield tag="856" ind1="4" ind2="2">
   <subfield code="u">https://swbplus.bsz-bw.de/bsz468692622inh.htm</subfield>
   <subfield code="m">B:DE-576;DE-16</subfield>
   <subfield code="q">application/pdf</subfield>
   <subfield code="v">20160429110923</subfield>
   <subfield code="x">Verlag</subfield>
   <subfield code="3">Inhaltsverzeichnis</subfield>
  </datafield>
  <datafield tag="951" ind1=" " ind2=" ">
   <subfield code="a">BO</subfield>
  </datafield>
  <datafield tag="990" ind1=" " ind2=" ">
   <subfield code="a">Cointeraux, François</subfield>
  </datafield>
  <datafield tag="990" ind1=" " ind2=" ">
   <subfield code="a">Haus</subfield>
  </datafield>
  <datafield tag="990" ind1=" " ind2=" ">
   <subfield code="a">Landwirtschaftliches Gebäude</subfield>
  </datafield>
  <datafield tag="990" ind1=" " ind2=" ">
   <subfield code="a">Architektur</subfield>
  </datafield>
  <datafield tag="990" ind1=" " ind2=" ">
   <subfield code="a">Cointeraux, François</subfield>
  </datafield>
  <datafield tag="990" ind1=" " ind2=" ">
   <subfield code="a">Haus</subfield>
  </datafield>
  <datafield tag="990" ind1=" " ind2=" ">
   <subfield code="a">Landwirtschaftliches Gebäude</subfield>
  </datafield>
  <datafield tag="990" ind1=" " ind2=" ">
   <subfield code="a">Architektur</subfield>
  </datafield>
  <datafield tag="991" ind1=" " ind2=" ">
   <subfield code="a">Rezensiertes Werk</subfield>
  </datafield>
  <datafield tag="999" ind1=" " ind2=" ">
   <subfield code="a">KXP-PPN1619457660</subfield>
   <subfield code="e">4171776058</subfield>
  </datafield>
 </record>
</collection>
